Statystyki dla 31 najmiejszych państw świata

Kliknij tutaj aby rozwiązać quiz!

Ogólne statystyki

  • Ten quiz został rozwiązany 106 razy
  • Średni wynik to 17 z 31

Statystyki odpowiedzi

NumerKraj% Poprawnych
1Watykan
98%
5San Marino
90%
2Monako
82%
17Andora
76%
10Malta
70%
28Luksemburg
69%
3Nauru
66%
8Saint Kitts i Nevis
59%
4Tuvalu
59%
16Palau
56%
18Saint Lucia
55%
23Dominika
54%
12Saint Vincent i Grenadyny
53%
13Barbados
52%
11Grenada
52%
24Kiribati
52%
29Samoa
52%
9Malediwy
49%
21Mikronezja
49%
20Singapur
49%
14Antigua i Barbuda
48%
15Seszele
48%
22Tonga
48%
31Trynidad i Tobago
48%
25Wyspy Świętego Tomasza i Książęca
48%
30Republika Zielonego Przylądka
45%
27Komory
43%
26Mauritius
43%
6Lichtenstein
37%
7Wyspy Marschala
20%
19Bahrain
6%

Rozkład punktacji

Percentyl według liczby udzielonych odpowiedzi

Procent ludzi z każdym wynikiem

Twoja historia wyników

Nie rozwiązałeś tego quizu